000 00602nam a2200157 a 4500
008 140922s1997 ||||||||||||||||| || u
020 _a1565105117
050 _a363.7387 GLO
100 _aSwisher, Karin L.
245 1 0 _aGlobal warming: opposing view points
_cedited by Tamara L. Roleff, Scott Barbara and Karin L. Swisher
260 _aNew York
_bGreenhaven Press
_c1997
300 _a192p.: ill
650 0 _aGLOBAL WARMING
700 _aBarbar, Scott
995 _aAMERICAN CORNER
_e0103638
_FCBU-DAG HAMMARSKJOLD INSTITUTE LIBRARY
_j363.7387 GLO
_M1
_UAVAILABLE
_WSep 22, 2014
_y0103638
_ZAmerican Collection
999 _c267
_d267